To Assess The Prevalence Of Electronic Gadget Addiction And explore Its Association With Sleep Quality And Psychological Wellbeing Among Rural And Urban Adolescents Of Belagavi District ,Karnataka (Ph.D) (Record no. 358047)

MARC details
000 -LEADER
fixed length control field 00607nam a22001457a 4500
005 - DATE AND TIME OF LATEST TRANSACTION
control field 20240705110010.0
008 - FIXED-LENGTH DATA ELEMENTS--GENERAL INFORMATION
fixed length control field 240601b |||||||| |||| 00| 0 eng d
041 ## - LANGUAGE CODE
Language code of text/sound track or separate title Eng.
100 ## - MAIN ENTRY--PERSONAL NAME
Author Tanveer Gundagi
110 ## - MAIN ENTRY--CORPORATE NAME
Corporate name or jurisdiction name as entry element Dr.Jomet George
245 ## - TITLE STATEMENT
Title To Assess The Prevalence Of Electronic Gadget Addiction And explore Its Association With Sleep Quality And Psychological Wellbeing Among Rural And Urban Adolescents Of Belagavi District ,Karnataka (Ph.D)
260 ## - PUBLICATION, DISTRIBUTION, ETC.
Place of publication, distribution, etc. Rajasthan
Name of publisher, distributor, etc. Shri Jagdishprasad Jhabarmal tibrewala university Vidyanagari,Jhunjhunu
Date of publication, distribution, etc. 2023
300 ## - PHYSICAL DESCRIPTION
Extent Pg.266
942 ## - ADDED ENTRY ELEMENTS (KOHA)
Koha item type PHD Thesis
Holdings
Withdrawn status Lost status Source of classification or shelving scheme Damaged status Not for loan Home library Current library Date acquired Total Checkouts Barcode Date last seen Bill Date Koha item type
    Dewey Decimal Classification     Sitabai Nargundkar College of Nursing Nagpur Sitabai Nargundkar College of Nursing Nagpur 01/06/2024   SNCN-DN-140 01/06/2024 01/06/2024 Dissertation